Inleiding tot de Kwantitatieve anallytische chemie
| Main Author: | |
|---|---|
| Format: | Section = Libro |
| Language: | Undetermined Spanish |
| Published: |
Ruso
Introducción a la programación
1973
|
| Subjects: |
| LEADER | 00457nam a2200169Ia 4500 | ||
|---|---|---|---|
| 008 | 240830s9999 xx 000 0 und d | ||
| 040 | |a CEDOC FIQ-RUSB / 543 B693 | ||
| 041 | |a spa | ||
| 082 | |a 543 B693 | ||
| 100 | 1 | |a Bolssens, Ir. J | |
| 245 | 1 | 0 | |a Inleiding tot de Kwantitatieve anallytische chemie |
| 260 | |a Ruso |b Introducción a la programación |c 1973 | ||
| 300 | |a 603 p. | ||
| 650 | 7 | |a QUÍMICA ANALíTICA | |
| 942 | |c BK |2 ddc | ||
| 991 | |a TEXTO | ||
| 999 | |c 13748 | ||